|
|
|
|
| LEADER |
01808cas a2200241 a 4500 |
| 001 |
AALejournalIMF013245 |
| 008 |
230101c9999 xx r poo 0 0eng d |
| 020 |
|
|
|c 5.00 USD
|
| 020 |
|
|
|z 9781475561685
|
| 022 |
|
|
|a 1934-7685
|
| 040 |
|
|
|a BD-DhAAL
|c BD-DhAAL
|
| 110 |
2 |
|
|a International Monetary Fund.
|b Monetary and Capital Markets Department.
|
| 245 |
1 |
0 |
|a Indonesia :
|b Financial Sector Assessment Program-Basel Core Principles Assessment-Detailed Assessment of Compliance.
|
| 264 |
|
1 |
|a Washington, D.C. :
|b International Monetary Fund,
|c 2012.
|
| 300 |
|
|
|a 1 online resource (101 pages)
|
| 490 |
1 |
|
|a IMF Staff Country Reports
|
| 500 |
|
|
|a <strong>Off-Campus Access:</strong> No User ID or Password Required
|
| 500 |
|
|
|a <strong>On-Campus Access:</strong> No User ID or Password Required
|
| 506 |
|
|
|a Electronic access restricted to authorized BRAC University faculty, staff and students
|
| 520 |
3 |
|
|a This paper is a detailed assessment of Indonesia's financial sector-assessment of compliance with the Basel Core Principles for Effective Banking Supervision (BCP) carried out within the framework of the Financial Sector Assessment Program (FSAP). The Indonesian financial sector comprises banks, multi-finance companies, capital market companies, insurance companies, and pension funds. Bank Indonesia (BI), the central bank, is responsible for regulation and supervision of the banking system. The Executive Board recommends effective information exchange arrangements with other financial sector supervisors, and also to bring about amendments to the BI Act.
|
| 538 |
|
|
|a Mode of access: Internet
|
| 830 |
|
0 |
|a IMF Staff Country Reports; Country Report ;
|v No. 2012/335
|
| 856 |
4 |
0 |
|z Full text available on IMF
|u http://elibrary.imf.org/view/journals/002/2012/335/002.2012.issue-335-en.xml
|z IMF e-Library
|